| 000 | 00947nmm a2200289 a 4500 | ||
|---|---|---|---|
| 001 | ocm000891627 | ||
| 003 | TR-IsHL | ||
| 005 | 20201028144756.0 | ||
| 008 | 141121s2012 tu tur | ||
| 007 | cr cn | ||
| 020 | _a9789756659373 | ||
| 035 |
_a891627 _b(N$T) |
||
| 050 | 0 | 4 |
_aPZ10.763 _b.L34 2012 |
| 090 | 0 | 4 |
_aPZ10.763 _b.L34 2012 |
| 100 | 1 | _aLagerlof, Selma | |
| 245 | 1 | 0 |
_aSeçme hayvan masalları _h[electronic resource] / _cSelma Lagerlof ; çeviren Nuriye Yiğitler, H.Zekai Yiğitler |
| 260 |
_aİstanbul : _bKafekültür Yayıncılık, _c2012 |
||
| 300 | _a27 p. | ||
| 650 | 4 | _aDil ve Edebiyat | |
| 650 | 4 | _aLanguage and Literature | |
| 650 | 0 | _aHayvan masalları | |
| 650 | 0 | _aAnimals stories | |
| 650 | 7 |
_aJUVENILE FICTION / General _2bisacsh |
|
| 700 | 1 | _aYiğitler, Nuriye | |
| 700 | 1 | _aYiğitler, H. Zekai | |
| 856 | 4 | 0 | _uhttp://search.ebscohost.com/login.aspx?direct=true&scope=site&db=e011xww&AN=891627 |
| 999 |
_c9607 _d9607 |
||